000 00638cam a2200205 4500500
005 20260329004512.0
041 _afre
042 _adc
100 1 0 _aPortevin, Catherine
_eauthor
245 0 0 _aLe Temps du paysage. Aux origines de la révolution esthétique
260 _c2020.
500 _a49
690 _aJacques Rancière
690 _aJardins
690 _apaysage
690 _aRévolution
690 _aXVIIIe siècle
786 0 _nPhilosophie magazine | 137 | 3 | 2020-03-01 | p. 57-57 | 1951-1787
856 4 1 _uhttps://shs.cairn.info/magazine-philosophie-magazine-2020-3-page-57?lang=fr&redirect-ssocas=7080
999 _c1834536
_d1834536